| 000 | 00406nam a22001697a 4500 | ||
|---|---|---|---|
| 005 | 20160521114410.0 | ||
| 008 | 160521b xxu||||| |||| 00| 0 eng d | ||
| 020 | _a81-219-1337-3 | ||
| 041 | _aeng | ||
| 082 | _b3737 | ||
| 100 |
_aR.S. Kaurmi J.K. Gupta _9950 |
||
| 245 | _aThermal Engineering | ||
| 260 |
_bSchandle Company _c2004 |
||
| 300 | _a886 | ||
| 650 |
_aDIPLOMA ENGINEERING _9817 |
||
| 942 | _cBK | ||
| 999 |
_c1293 _d1293 |
||